Mối quan hệ giữa năm thành tố tính cách và thành quả công việc: Nghiên cứu trường hợp nhân viên ngân hàng tại TP. Hồ Chí Minh

保存先:
書誌詳細
第一著者: Nguyễn, Văn Thụy
フォーマット: 図書
言語:Undetermined
主題:
オンライン・アクセス:http://lrc.tdmu.edu.vn/opac/search/detail.asp?aID=2&ID=36775
タグ: タグ追加
タグなし, このレコードへの初めてのタグを付けませんか!
Thư viện lưu trữ: Trung tâm Học liệu Trường Đại học Thủ Dầu Một
LEADER 00741nam a2200145Ia 4500
001 TDMU_36775
008 210410s9999 xx 000 0 und d
082 |a 700 
100 |a Nguyễn, Văn Thụy 
245 0 |a Mối quan hệ giữa năm thành tố tính cách và thành quả công việc: Nghiên cứu trường hợp nhân viên ngân hàng tại TP. Hồ Chí Minh 
245 0 |c Nguyễn Văn Thụy 
300 |a Tr.90-103 
650 |a Tài chính ngân hàng; Thành tố tính cách; Thành quả công việc; Nhân viên ngân hàng 
856 |u http://lrc.tdmu.edu.vn/opac/search/detail.asp?aID=2&ID=36775 
980 |a Trung tâm Học liệu Trường Đại học Thủ Dầu Một